000 nam a22 7a 4500
999 _c25170
_d25170
008 170131b xxu||||| |||| 00| 0 eng d
020 _a9780077735388
050 _aQA 152.3 .C65 2001
100 _aStreeter, James
245 _aCollege Algebra:
_bMAC 2105/
_cJames Streeter, Donald Hutchison, Barry Bergman, Louis Hoelzle
260 _aBoston:
_bMc Graw-Hill
_c2001.
300 _a310,(17)p.:
_bill.;
_c28cm.
521 _aIncludes index.
650 _aAlgebra.
700 _aHutchison, Donald
700 _aBergman, Barry
700 _aHoelzle, Louis
942 _2lcc
_cBOOKS
_hQA 152.3 .C65 2001